El concepto de la angustia: una sencilla investigación psicológica orientada hacia el problema dogmático del pecado original

Gespeichert in:
Bibliographische Detailangaben
1. Verfasser: Kierkegaard, Søren 1813-1855 (autor)
Format: Buch
Sprache:Spanisch
Veröffentlicht: Madrid Espasa Calpe 1959
Ausgabe:5a. ed
Schriftenreihe:Austral, 158
Schlagworte:
Tags: Tag hinzufügen
Keine Tags, Fügen Sie den ersten Tag hinzu!

MARC

LEADER 00000cam a2200000 a 4500
001 UCG1762
003 CL-VaPUC
008 100520e19590000SP |||||||||||||||||spa|d
082 0 4 |a 142.7  |b KIE  |2 21 
100 |a Kierkegaard, Søren   |e autor  |d 1813-1855  |9 579207 
245 1 3 |a El concepto de la angustia: una sencilla investigación psicológica orientada hacia el problema dogmático del pecado original 
250 |a 5a. ed 
300 |a 159 p 
942 |c BK 
945 |d 20100520 00:00:00  |a rbrito 
260 |a Madrid  |b Espasa Calpe  |c 1959 
650 0 |a Angustia  |9 266245 
650 7 |a FENEMONOLOGIA  |2 CL-VaPUC  |9 434066 
650 7 |a DOGMATISMO  |2 CL-VaPUC  |9 337265 
650 0 |a Pecado original   |9 266246 
650 0 |a Pecado  |9 314980 
583 |a last modification  |c 20150924 22:06:43  |k Rodrigo Vera 
490 0 |a Austral, 158 
999 |c 341025  |d 341023 
952 |0 0  |1 0  |4 0  |6 142_700000000000000_KIE_1959  |7 0  |8 A  |9 436240  |a BIBEDU  |b BIBEDU  |d 2019-11-22  |i 4677501  |o 142.7 KIE 1959  |p 4677501  |r 2019-11-22  |w 2019-11-22  |y BK  |k EPE 
952 |0 0  |1 0  |3 erb  |4 0  |6 142_700000000000000_KIE_1959  |7 0  |8 A  |9 436241  |a BIBEDU  |b BIBEDU  |e Villagrán Garnham, Jorge  |i 5186951  |o 142.7 KIE 1959  |p 5186951  |r 2019-11-22  |w 2019-11-22  |y BK  |z Catalogado en:20150728  |k FIL